| 000 | 00522nam a22001937a 4500 | ||
|---|---|---|---|
| 005 | 20251119123225.0 | ||
| 008 | 251119b |||||||| |||| 00| 0 eng d | ||
| 020 | _a978-1-133-10911-2 | ||
| 050 |
_aQD 31`.2 .B48 I58 _bC.1 |
||
| 100 | _aBETTERHEIM | ||
| 245 | _aGENERAL,ORGANIC. AND BIOCHEMISTRY | ||
| 250 | _aTENTH EDITION | ||
| 260 |
_aUSA _bBROOKS/COLE _c2013 |
||
| 300 | _aV-627 | ||
| 500 | _aIT HAS BIBLIOGRAPHIC DATA | ||
| 650 | _aSCIENCE AND TECHNOLOGY | ||
| 700 | _aBETTELHEIM FREDELICK | ||
| 942 |
_2lcc _cBK |
||
| 999 |
_c216213 _d216213 |
||